[Event "III Trofeo Giovanni Pico"]
[Site "Mirandola ITA"]
[Date "2010.01.17"]
[Round "5"]
[White "Guaragno, Michele"]
[Black "Camerini, Lorenzo"]
[Result "0-1"]
[WhiteElo "1978"]
[BlackElo "2066"]
[PlyCount "60"]
[EventDate "2010.01.15"]

1. e4 c5 2. Nf3 d6 3. d4 cxd4 4. Nxd4 Nf6 5. Nc3 a6 6. Bg5 e6 7. f4 h6 8. Bh4
Be7 9. Qf3 Qc7 10. O-O-O Nbd7 11. g4 g5 12. fxg5 Ne5 13. Qe2 Nfxg4 14. Bh3 hxg5
15. Bxg4 Rxh4 16. h3 Rh7 17. Rhf1 Bd7 18. Nf3 Ng6 19. Qe3 Qc5 20. Qxc5 dxc5 21.
e5 Bc6 22. Rfe1 Rd8 23. Rxd8+ Kxd8 24. Ne4 Bxe4 25. Rxe4 Kc7 26. Re1 Nf4 27.
Ng1 Rh8 28. b3 f6 29. exf6 Bxf6 30. Bxe6 Re8 0-1

[Event "III Trofeo Giovanni Pico"]
[Site "Mirandola ITA"]
[Date "2010.01.17"]
[Round "5"]
[White "Guzzetti, Luigi Enrico"]
[Black "Gaion, Giancarlo"]
[Result "1/2-1/2"]
[WhiteElo "1887"]
[BlackElo "1935"]
[PlyCount "170"]
[EventDate "2010.01.15"]

1. e4 c5 2. Nf3 d6 3. d4 cxd4 4. Nxd4 Nf6 5. Nc3 a6 6. Be2 e6 7. Be3 b5 8. a3
Bb7 9. f3 Nbd7 10. O-O Rc8 11. Qd2 Ne5 12. Rfd1 Qc7 13. Qe1 Nc4 14. Bxc4 Qxc4
15. Qf2 Be7 16. Nb3 O-O 17. Bb6 Qc6 18. Na5 Qd7 19. Rd2 Ne8 20. e5 d5 21. Ne4
f5 22. Nc5 Bxc5 23. Bxc5 Rf7 24. Bd4 Qd8 25. Bb6 Qg5 26. f4 Qh5 27. Rd3 Rd7 28.
c3 Qf7 29. Nb3 Rc4 30. Nc5 h6 31. b3 Re4 32. Nxd7 Qxd7 33. Rd4 Qc6 34. Rxe4
dxe4 35. Qe3 Nc7 36. Bxc7 Qxc7 37. Rd1 Bd5 38. Qd4 Kh7 39. c4 bxc4 40. bxc4
Qxc4 41. Qxc4 Bxc4 42. Kf2 a5 43. Rd6 a4 44. Ke3 h5 45. Kd4 Bb3 46. Kc3 Kh6 47.
Rb6 Kg6 48. h4 Kf7 49. g3 Ke7 50. Rb7+ Kf8 51. Kd4 Bd5 52. Ra7 Bb3 53. Ra8+ Kf7
54. Rh8 Kg6 55. Kc3 Bd5 56. Rc8 Bb3 57. Rc7 Bd5 58. Kd4 Bb3 59. Rd7 Bd5 60. Rd6
Bb3 61. Ra6 Kf7 62. Ke3 Kg6 63. Kd2 Kf7 64. Kc1 Kg6 65. Rb6 Kf7 66. Rb7+ Kf8
67. Ra7 Kg8 68. Kb2 Kf8 69. Ra8+ Kf7 70. Kc3 Kg6 71. Ra7 Bd1 72. Kd4 Bb3 73.
Rc7 Bd5 74. Rc3 Kf7 75. Kc5 Bb3 76. Kd6 Bd5 77. Rc7+ Kf8 78. Kd7 Kf7 79. Rc8
Bb3 80. Rc3 Bd5 81. Rc7 Bb3 82. Rc5 Kf8 83. Kd8 Kf7 84. Rc7+ Kf8 85. Re7 Ba2
1/2-1/2

[Event "III Trofeo Giovanni Pico"]
[Site "Mirandola ITA"]
[Date "2010.01.17"]
[Round "5"]
[White "Lucchi, Lorenzo"]
[Black "Modena, Giorgio"]
[Result "1-0"]
[WhiteElo "2073"]
[BlackElo "1979"]
[PlyCount "40"]
[EventDate "2010.01.15"]

1. e4 e6 2. Nf3 d5 3. exd5 exd5 4. c4 d4 5. Bd3 c5 6. O-O Bd6 7. b4 b6 8. Be4
a5 9. Bxa8 axb4 10. d3 Ne7 11. a3 bxa3 12. Nxa3 Bd7 13. h3 h6 14. Nb5 Bxb5 15.
cxb5 O-O 16. Nd2 f5 17. Bf3 Ng6 18. Nc4 Be7 19. Bh5 Nh8 20. g3 g5 1-0

[Event "III Trofeo Giovanni Pico"]
[Site "Mirandola ITA"]
[Date "2010.01.17"]
[Round "5"]
[White "Luciani, Valerio"]
[Black "Calavalle, Giulio"]
[Result "1-0"]
[WhiteElo "2200"]
[BlackElo "2263"]
[PlyCount "83"]
[EventDate "2010.01.15"]

1. d4 Nf6 2. c4 g6 3. Nc3 Bg7 4. Nf3 d6 5. g3 O-O 6. Bg2 Nbd7 7. O-O c6 8. h3
e5 9. e4 Re8 10. Re1 Qc7 11. Be3 Nf8 12. d5 c5 13. Qd2 Nh5 14. g4 Nf6 15. Nh2
h5 16. f3 N6h7 17. g5 Nd7 18. Rf1 a6 19. Rf2 Nb6 20. b3 Bd7 21. Raf1 Re7 22.
Ne2 f5 23. gxf6 Bxf6 24. f4 Bh4 25. Rf3 Nc8 26. f5 gxf5 27. exf5 Nf6 28. Nc3
Qd8 29. Bg5 Bxg5 30. Qxg5+ Rg7 31. Qh4 Nb6 32. Rg3 Be8 33. Nf3 Nh7 34. Rxg7+
Kxg7 35. Qg3+ Kh8 36. Ne4 Bf7 37. f6 Qg8 38. Qxg8+ Kxg8 39. Nxd6 Nd7 40. h4 b5
41. Bh3 Ra7 42. Nxf7 1-0

[Event "III Trofeo Giovanni Pico"]
[Site "Mirandola ITA"]
[Date "2010.01.17"]
[Round "5"]
[White "Malago', Federico"]
[Black "Andreolini, Mauro"]
[Result "0-1"]
[WhiteElo "1440"]
[BlackElo "2144"]
[PlyCount "80"]
[EventDate "2010.01.15"]

1. e4 c5 2. Nf3 e6 3. d4 cxd4 4. Nxd4 Nc6 5. Nc3 Nf6 6. Nxc6 bxc6 7. Bd3 d5 8.
exd5 cxd5 9. O-O Be7 10. Qe2 O-O 11. f4 g6 12. Rb1 Bb7 13. Bd2 Nd7 14. Rbe1 Nc5
15. f5 Nxd3 16. cxd3 Bc5+ 17. Kh1 exf5 18. Na4 Bd6 19. Qf2 Bc6 20. Qd4 f6 21.
Nc5 Be5 22. Rxe5 fxe5 23. Qxe5 Qf6 24. Qe6+ Qxe6 25. Nxe6 Rf7 26. d4 Re8 27.
Nc5 Re2 28. Bc3 Rfe7 29. Rc1 Bb5 30. a4 Bc4 31. h3 R7e3 32. a5 Bd3 33. Nxd3
Rxd3 34. Kg1 Rg3 35. Re1 Rgxg2+ 36. Kh1 Rh2+ 37. Kg1 Reg2+ 38. Kf1 f4 39. Bb4
f3 40. Re8+ Kg7 0-1

[Event "III Trofeo Giovanni Pico"]
[Site "Mirandola ITA"]
[Date "2010.01.17"]
[Round "5"]
[White "Malfagia, Andrea"]
[Black "Egli, Urs"]
[Result "1-0"]
[WhiteElo "2286"]
[BlackElo "2062"]
[PlyCount "61"]
[EventDate "2010.01.15"]

1. d4 d6 2. e4 Nd7 3. c4 e5 4. d5 c5 5. Nc3 g6 6. b3 Bg7 7. h4 h5 8. g3 a6 9.
Nf3 Ngf6 10. Bg5 Qa5 11. Bd2 Qc7 12. Be2 Rb8 13. a4 Nf8 14. Qc1 Ng8 15. Ng1 Bh6
16. f4 f6 17. Rh2 Qe7 18. Kd1 a5 19. Kc2 b6 20. Qf1 Nd7 21. Rf2 Qg7 22. Qg2 Ke7
23. Raf1 Ba6 24. Nf3 Re8 25. Ne1 Bc8 26. Nd3 Rh7 27. Nb5 Nf8 28. Bc3 Nd7 29.
Nc7 Nf8 30. fxe5 dxe5 31. Nxe5 1-0

[Event "III Trofeo Giovanni Pico"]
[Site "Mirandola ITA"]
[Date "2010.01.17"]
[Round "5"]
[White "Menini, Luca"]
[Black "Ricci, Alfredo"]
[Result "0-1"]
[WhiteElo "1681"]
[BlackElo "1967"]
[PlyCount "87"]
[EventDate "2010.01.15"]

1. e4 e6 2. d4 d5 3. exd5 exd5 4. Bd3 Nf6 5. h3 Bd6 6. Nf3 O-O 7. O-O Re8 8.
Bg5 Nbd7 9. Nbd2 h6 10. Bh4 c6 11. c3 Qc7 12. Bxf6 Nxf6 13. Qc2 Bd7 14. Rfe1
Nh5 15. Rxe8+ Rxe8 16. c4 Nf4 17. c5 Bf8 18. Bf1 g6 19. Re1 Rxe1 20. Nxe1 Bg7
21. Ndf3 Qa5 22. Qc1 Ne6 23. Ne5 Bc8 24. N1f3 Nxd4 25. Qe3 Nxf3+ 26. Nxf3 Qd8
27. b4 Kf8 28. a4 Qe7 29. Qd2 Bd7 30. Bd3 Qf6 31. b5 Qc3 32. Qe3 g5 33. bxc6
Bxc6 34. h4 g4 35. Nh2 h5 36. g3 Qd4 37. Bb5 Qxe3 38. fxe3 d4 39. Bxc6 bxc6 40.
Kf2 d3 41. Ke1 Bc3+ 42. Kd1 Ke7 43. Nf1 Ke6 44. Nd2 0-1

[Event "III Trofeo Giovanni Pico"]
[Site "Mirandola ITA"]
[Date "2010.01.17"]
[Round "5"]
[White "Moi, Roberto"]
[Black "Setti, Roberto"]
[Result "0-1"]
[WhiteElo "1945"]
[BlackElo "1786"]
[PlyCount "104"]
[EventDate "2010.01.15"]

1. d4 d5 2. c4 c6 3. Nf3 Nf6 4. Nc3 dxc4 5. a4 Be6 6. e4 g6 7. Ne5 Bg7 8. Nxc4
O-O 9. Be2 Qc7 10. Be3 Rd8 11. Qc1 Na6 12. Ne5 Nb4 13. O-O a5 14. Bf4 Qc8 15.
Nf3 Nh5 16. Bg5 Qc7 17. Ra3 Nf6 18. Bf4 Qc8 19. Be5 Bg4 20. Rd1 Bxf3 21. Bxf3
Qe6 22. Ne2 Qd7 23. Nf4 Bh6 24. Qc3 Ng4 25. Nd3 Nxe5 26. Nxe5 Qc7 27. Be2 Bg7
28. Nf3 Rd7 29. Qc4 e6 30. e5 Rad8 31. Raa1 Bf8 32. Ng5 Qb6 33. Nf3 c5 34. dxc5
Bxc5 35. Qb5 Bxf2+ 36. Kf1 Rxd1+ 37. Rxd1 Rxd1+ 38. Bxd1 Qxb5+ 39. axb5 Bc5 40.
Ke2 h5 41. Ne1 Bd4 42. Nd3 Nxd3 43. Kxd3 Bxe5 44. b6 Bxh2 45. Bf3 Bg1 46. Bxb7
Bxb6 47. b3 Bc5 48. Ke4 f6 49. Bc8 Kf7 50. Bd7 Ba3 51. Kf4 f5 52. Bc6 Kf6 0-1

[Event "III Trofeo Giovanni Pico"]
[Site "Mirandola ITA"]
[Date "2010.01.17"]
[Round "5"]
[White "Necesito, Donald"]
[Black "Carletti, Davide M."]
[Result "1/2-1/2"]
[WhiteElo "1440"]
[BlackElo "1515"]
[PlyCount "134"]
[EventDate "2010.01.15"]

1. e4 e5 2. Nf3 Nc6 3. Bb5 a6 4. Ba4 Nf6 5. O-O b5 6. Bb3 d6 7. d3 Be7 8. Bg5
O-O 9. Bxf6 Bxf6 10. Bd5 Bb7 11. Nc3 Na5 12. Bxb7 Nxb7 13. Ne2 Nc5 14. c3 Ne6
15. Nd2 Be7 16. Qb3 Nc5 17. Qc2 d5 18. d4 exd4 19. Nxd4 dxe4 20. Nxe4 Nxe4 21.
Qxe4 Re8 22. Qg4 Bf6 23. Rad1 Qc8 24. Qxc8 Raxc8 25. Nf3 Re2 26. Rd2 Rxd2 27.
Nxd2 Re8 28. Nf3 h6 29. Re1 Rxe1+ 30. Nxe1 Kf8 31. Nd3 Ke7 32. Kf1 Kd6 33. Ke2
c5 34. Ke3 Be5 35. f4 Bf6 36. Ke4 a5 37. g3 c4 38. Nf2 b4 39. Nd1 bxc3 40. bxc3
Kc5 41. a4 Bd8 42. Ne3 g5 43. f5 h5 44. Ke5 g4 45. f6 Bc7+ 46. Kf5 Bd6 47. Ke4
Bc7 48. Nf5 Bd8 49. Ne7 Kd6 50. Kd4 Bxe7 51. fxe7 Kxe7 52. Kxc4 Kd6 53. Kb5 f5
54. Kxa5 Kc5 55. c4 h4 56. gxh4 f4 57. h5 f3 58. h6 f2 59. h7 f1=Q 60. h8=Q
Qe1+ 61. Ka6 Qe6+ 62. Ka7 Qd7+ 63. Ka8 Qc6+ 64. Kb8 Qb6+ 65. Ka8 Qa6+ 66. Kb8
Qb6+ 67. Ka8 Qa6+ 1/2-1/2

[Event "III Trofeo Giovanni Pico"]
[Site "Mirandola ITA"]
[Date "2010.01.17"]
[Round "5"]
[White "Negro, Raffaele"]
[Black "Ferraguti, Francesco"]
[Result "1/2-1/2"]
[WhiteElo "1854"]
[BlackElo "1658"]
[PlyCount "116"]
[EventDate "2010.01.15"]

1. d4 Nf6 2. Bg5 e6 3. e4 h6 4. Bxf6 Qxf6 5. c3 c5 6. Nf3 Nc6 7. Be2 cxd4 8.
cxd4 Bb4+ 9. Nc3 O-O 10. O-O d6 11. a3 Bxc3 12. bxc3 e5 13. d5 Ne7 14. Nd2 Bd7
15. Bg4 Bxg4 16. Qxg4 Rfd8 17. Rab1 b6 18. Rb3 Qg6 19. Qe2 f5 20. exf5 Qxf5 21.
c4 Qd7 22. f4 Ng6 23. f5 Nf8 24. Rg3 Qf7 25. Qe3 Kh7 26. Ne4 Qd7 27. Rh3 Rac8
28. Ng5+ Kg8 29. Ne6 Nxe6 30. fxe6 Qe7 31. Rg3 Qh4 32. Rf7 g5 33. Rxa7 Rxc4 34.
Rf3 Qd4 35. Qxd4 Rxd4 36. Rd7 Rf8 37. e7 Rd1+ 38. Kf2 Rxf3+ 39. Kxf3 Kf7 40.
Rxd6 Kxe7 41. Re6+ Kf7 42. Rxh6 Rxd5 43. Rxb6 Rd3+ 44. Ke4 Rxa3 45. g3 Ra2 46.
Kxe5 Rxh2 47. Kf5 Rg2 48. Rb3 Rc2 49. Kxg5 Rc8 50. g4 Kg7 51. Rf3 Rc5+ 52. Rf5
Rxf5+ 53. Kxf5 Kf7 54. Kg5 Kg7 55. Kh5 Kh7 56. g5 Kg7 57. g6 Kg8 58. Kh6 Kh8
1/2-1/2

[Event "III Trofeo Giovanni Pico"]
[Site "Mirandola ITA"]
[Date "2010.01.17"]
[Round "5"]
[White "Neri, Marco"]
[Black "Castelli, Antonio"]
[Result "0-1"]
[WhiteElo "1383"]
[BlackElo "1729"]
[PlyCount "120"]
[EventDate "2010.01.15"]

1. e4 e5 2. Nf3 Nf6 3. Nxe5 d6 4. Nf3 Nxe4 5. Qe2 Qe7 6. d4 Nf6 7. Qxe7+ Bxe7
8. Bc4 O-O 9. Nc3 Bg4 10. h3 Bxf3 11. gxf3 Nc6 12. Be3 Na5 13. Bd3 d5 14. a3 a6
15. O-O-O b5 16. Rhg1 Kh8 17. Bf4 c5 18. dxc5 Bxc5 19. Be3 d4 20. Bd2 dxc3 21.
Bxc3 Bxf2 22. Rg2 Be3+ 23. Kb1 Nc4 24. Bb4 Rfe8 25. Rf1 Nd5 26. Be1 Rad8 27.
Bb4 Nxb4 28. Bxc4 bxc4 29. axb4 Rd2 30. Rg4 Red8 31. Rxc4 g6 32. c3 Rh2 33. Ka2
Rdd2 34. Rb1 Rxh3 35. Rc8+ Kg7 36. Rc1 Rd7 37. Re1 Rxf3 38. Re8 Bg5 39. Ra8 Rd6
40. Re5 h6 41. Ra5 Bf6 42. b5 axb5 43. Rxb5 h5 44. Rbb8 Kh6 45. Rb4 g5 46. c4
Rc6 47. Ra5 h4 48. c5 h3 49. Rc4 g4 50. Rb5 h2 51. Rc1 g3 52. Rh1 Kg5 53. Kb1
g2 54. Rc1 Rf1 55. Rxf1 gxf1=Q+ 56. Ka2 Ra6+ 57. Kb3 Qxb5+ 58. Kc2 Qxc5+ 59.
Kb3 Rb6+ 60. Ka4 Qb4# 0-1

[Event "III Trofeo Giovanni Pico"]
[Site "Mirandola ITA"]
[Date "2010.01.17"]
[Round "5"]
[White "Piccinini, Samuele"]
[Black "Dionigi, Riccardo"]
[Result "0-1"]
[WhiteElo "1900"]
[BlackElo "1839"]
[PlyCount "54"]
[EventDate "2010.01.15"]

1. d4 d5 2. c4 e6 3. Nc3 Nf6 4. Bg5 Be7 5. e3 c6 6. Nf3 Nbd7 7. Qc2 O-O 8.
O-O-O dxc4 9. Bxc4 b5 10. Bd3 h6 11. h4 c5 12. dxc5 b4 13. Ne4 Qa5 14. c6 Nb6
15. Nxf6+ Bxf6 16. Bxf6 gxf6 17. Kb1 e5 18. g4 Be6 19. b3 Nd5 20. Rdg1 Nc3+ 21.
Ka1 Bd5 22. Rh3 e4 23. Bf1 exf3 24. g5 Be4 25. gxf6+ Kh8 26. Qd2 Bb1 27. Rhg3
Bxa2 0-1

[Event "III Trofeo Giovanni Pico"]
[Site "Mirandola ITA"]
[Date "2010.01.17"]
[Round "5"]
[White "Pinna, Ferdinando"]
[Black "Balboni, Lamberto"]
[Result "1-0"]
[WhiteElo "1852"]
[BlackElo "1890"]
[PlyCount "113"]
[EventDate "2010.01.15"]

1. e4 e6 2. d4 d5 3. Nc3 Nf6 4. e5 Nfd7 5. f4 c5 6. Nf3 Nc6 7. Be3 cxd4 8. Nxd4
Bc5 9. Qd2 Nxd4 10. Bxd4 Bxd4 11. Qxd4 Qb6 12. O-O-O Qxd4 13. Rxd4 Ke7 14. g3
Nb8 15. Bg2 Nc6 16. Rd2 h5 17. Re1 g6 18. h3 Bd7 19. Ne2 Rac8 20. Kb1 Rc7 21.
Rc1 Rhc8 22. Bf3 Na5 23. b3 Bb5 24. Nd4 Ba6 25. Be2 Bxe2 26. Nxe2 Nc6 27. Kb2
a6 28. c3 b5 29. Ng1 a5 30. a3 a4 31. b4 Na7 32. Nf3 Nc6 33. Rd3 Na7 34. Rh1
Nc6 35. Rh2 Rb8 36. Kc2 Ra8 37. Kd1 Rcc8 38. Rc2 Kf8 39. Ke2 Kg7 40. Ke3 Rab8
41. Rcd2 Ne7 42. Nd4 Nf5+ 43. Nxf5+ gxf5 44. Rg2 Rc4 45. Rgd2 Rbc8 46. Rd1 Rxc3
47. Rxc3 Rxc3+ 48. Rd3 Rxd3+ 49. Kxd3 h4 50. gxh4 Kh6 51. Kd4 f6 52. exf6 Kg6
53. Ke5 d4 54. Kxd4 Kxf6 55. h5 e5+ 56. fxe5+ Ke6 57. h6 1-0

[Event "III Trofeo Giovanni Pico"]
[Site "Mirandola ITA"]
[Date "2010.01.17"]
[Round "5"]
[White "Raisi, Michele"]
[Black "Minelli, Giancarlo"]
[Result "1-0"]
[WhiteElo "1501"]
[BlackElo "1422"]
[PlyCount "61"]
[EventDate "2010.01.15"]

1. e4 c5 2. Nf3 Nc6 3. d4 d6 4. dxc5 Qa5+ 5. Nc3 Qxc5 6. Nd5 Nb4 7. c3 Nxd5 8.
Qxd5 Qc7 9. Ng5 e6 10. Qb3 Be7 11. Bd3 h6 12. Nf3 Nf6 13. O-O O-O 14. Re1 Rd8
15. Qc2 e5 16. h3 g5 17. Be3 g4 18. Nh2 gxh3 19. Qd2 Kh7 20. Bxh6 Rg8 21. Nf3
Rxg2+ 22. Kh1 Be6 23. Ng5+ Kh8 24. Rg1 Rg8 25. Rxg2 hxg2+ 26. Kxg2 Nh7 27. Rh1
Bxa2 28. Kf1 Qd8 29. Nxh7 Kxh7 30. Bf8+ Bh4 31. Qh6# 1-0

[Event "III Trofeo Giovanni Pico"]
[Site "Mirandola ITA"]
[Date "2010.01.17"]
[Round "5"]
[White "Santamato, Luigi"]
[Black "Di Trapani, Davide"]
[Result "0-1"]
[WhiteElo "1563"]
[BlackElo "1905"]
[PlyCount "51"]
[EventDate "2010.01.15"]

1. e4 e5 2. Nf3 Nc6 3. Nc3 Nf6 4. g3 Bc5 5. Bg2 O-O 6. d3 h6 7. O-O d6 8. h3
Be6 9. Na4 Qd7 10. Kh2 Rad8 11. c3 b5 12. Nxc5 dxc5 13. Ne1 c4 14. d4 exd4 15.
cxd4 Nxd4 16. e5 Ne8 17. Be3 c5 18. Nf3 Bd5 19. Nxd4 Bxg2 20. Kxg2 cxd4 21. Bd2
f6 22. Bb4 Rf7 23. exf6 Nxf6 24. Kh2 Ne4 25. Ba5 Nxf2 26. g4 0-1

[Event "III Trofeo Giovanni Pico"]
[Site "Mirandola ITA"]
[Date "2010.01.17"]
[Round "5"]
[White "Setti, Massimo"]
[Black "Mantovani, Enrico"]
[Result "0-1"]
[WhiteElo "1512"]
[BlackElo "1806"]
[PlyCount "84"]
[EventDate "2010.01.15"]

1. d4 Nf6 2. c4 e6 3. Nc3 b6 4. e4 d6 5. Bd3 Bb7 6. Nge2 Be7 7. O-O O-O 8. f4
c5 9. d5 Nbd7 10. Ng3 a5 11. Nh5 Qc7 12. Nxf6+ Bxf6 13. Rf3 Bd4+ 14. Kh1 Nf6
15. Rh3 b5 16. Qf3 bxc4 17. Bxc4 exd5 18. Nxd5 Nxd5 19. exd5 Bc8 20. g4 Rb8 21.
Rb1 Qe7 22. Bd2 Bxg4 23. Qxg4 Qe4+ 24. Rf3 Qxb1+ 25. Rf1 Qe4+ 26. Qf3 Qxf3+ 27.
Rxf3 Rxb2 28. Bxa5 Rb1+ 29. Kg2 Rg1+ 30. Kh3 f5 31. Rg3 Rf6 32. Rxg1 Bxg1 33.
Bc7 Rh6+ 34. Kg2 Bxh2 35. Bxd6 Rxd6 36. Kxh2 Kf7 37. Kg3 Kf6 38. Kf3 h6 39. Kg3
g5 40. fxg5+ hxg5 41. Kf3 Ke5 42. Bb3 Kd4 0-1

[Event "III Trofeo Giovanni Pico"]
[Site "Mirandola ITA"]
[Date "2010.01.17"]
[Round "5"]
[White "Vincenzi, Marco"]
[Black "Scali, Fausto"]
[Result "1-0"]
[WhiteElo "2042"]
[BlackElo "1965"]
[PlyCount "71"]
[EventDate "2010.01.15"]

1. e4 c5 2. Nf3 e6 3. d4 cxd4 4. Nxd4 a6 5. Nc3 Qc7 6. g3 Nc6 7. Bg2 Bc5 8.
Nxc6 dxc6 9. O-O Nf6 10. Bg5 O-O 11. Bxf6 gxf6 12. Qg4+ Kh8 13. Rad1 Qe5 14.
Rd3 Rg8 15. Qe2 Qg5 16. e5 Qxe5 17. Qxe5 fxe5 18. Ne4 Be7 19. Nd6 Bxd6 20. Rxd6
f5 21. f3 Kg7 22. Re1 Kf6 23. Rd2 b5 24. Rde2 Rd8 25. Rxe5 Rd6 26. f4 Bd7 27.
Kf2 Rd8 28. Bf3 Rd2+ 29. R1e2 Rxe2+ 30. Kxe2 Ke7 31. Rc5 Kd6 32. b4 a5 33. a3
axb4 34. axb4 Ra8 35. Rxb5 Ra2 36. Rc5 1-0

[Event "III Trofeo Giovanni Pico"]
[Site "Mirandola ITA"]
[Date "2010.01.17"]
[Round "5"]
[White "Zuccaro, Guido"]
[Black "Bolognesi, Alberto"]
[Result "0-1"]
[WhiteElo "1768"]
[BlackElo "1903"]
[PlyCount "83"]
[EventDate "2010.01.15"]

1. c4 Nf6 2. Nc3 d5 3. cxd5 Nxd5 4. g3 g6 5. Bg2 Nb6 6. Nf3 Bg7 7. O-O e5 8. d3
h6 9. Be3 O-O 10. Qd2 Kh7 11. Rac1 c6 12. Bc5 Re8 13. Ne4 Kg8 14. Nd6 Re6 15.
Nxc8 Nxc8 16. Bh3 Re8 17. b4 Nd7 18. Be3 Ne7 19. Bxh6 Nd5 20. Bxg7 Kxg7 21. a3
N7f6 22. Qg5 Rh8 23. Bg2 Rh5 24. Qd2 Qe7 25. Nh4 Rd8 26. Bf3 Rhh8 27. Qg5 Qe6
28. Rc5 e4 29. Bg2 exd3 30. exd3 Rh5 31. Qd2 Re5 32. Rc2 Re8 33. Nf3 Re2 34.
Qd1 Rxc2 35. Qxc2 Qe2 36. Qd1 Qb2 37. Qc1 Re2 38. Qxb2 Rxb2 39. Ra1 Ng4 40. h3
Nxf2 41. d4 Ne3 42. Re1 0-1

[Event "XXVI C.to Torinese Open"]
[Site "Torino ITA"]
[Date "2010.01.18"]
[Round "1"]
[White "Licordari, Guido"]
[Black "Sorcinelli, Francesco"]
[Result "0-1"]
[WhiteElo "1670"]
[BlackElo "2161"]
[PlyCount "48"]
[EventDate "2010.01.18"]

1. e4 c5 2. Nf3 d6 3. d4 cxd4 4. Nxd4 Nf6 5. Nc3 g6 6. Be3 Bg7 7. Qd2 Nc6 8. h3
O-O 9. Nb3 a6 10. f3 b5 11. a3 Be6 12. Nd4 Nxd4 13. Bxd4 Rc8 14. Bd3 d5 15. e5
Nd7 16. f4 f6 17. exf6 Nxf6 18. Be5 Qb6 19. Ne2 Ne4 20. Bxe4 Bxe5 21. Bxd5 Bxb2
22. Bxe6+ Qxe6 23. O-O Rfd8 24. f5 Qb6+ 0-1

[Event "XXVI C.to Torinese Open"]
[Site "Torino ITA"]
[Date "2010.01.25"]
[Round "2"]
[White "Coqueraut, Jean Dominique"]
[Black "Fassio, Luca"]
[Result "1/2-1/2"]
[WhiteElo "1815"]
[BlackElo "2066"]
[PlyCount "66"]
[EventDate "2010.01.18"]

1. d4 g6 2. c4 Bg7 3. Nc3 d6 4. g3 Nf6 5. Bg2 O-O 6. Nf3 c5 7. O-O Nc6 8. d5
Na5 9. Nd2 a6 10. e4 Rb8 11. a4 Bd7 12. Qe2 e6 13. Re1 exd5 14. exd5 Re8 15.
Qf1 Rxe1 16. Qxe1 b5 17. axb5 axb5 18. cxb5 Bxb5 19. Nxb5 Rxb5 20. Ra3 Rb8 21.
Qe2 Ne8 22. Re3 Nc7 23. b3 Nb5 24. Rd3 Nd4 25. Qd1 Bh6 26. f4 Qe7 27. Kf1 Bf8
28. Bb2 Nf5 29. Ne4 c4 30. Nf6+ Kg7 31. Ng4+ Kg8 32. Nf6+ Kg7 33. Ng4+ Kg8
1/2-1/2

[Event "XXVI C.to Torinese Open"]
[Site "Torino ITA"]
[Date "2010.01.25"]
[Round "2"]
[White "Parodi, Alessandro"]
[Black "Bullita, Simone"]
[Result "1/2-1/2"]
[WhiteElo "2088"]
[BlackElo "1488"]
[PlyCount "75"]
[EventDate "2010.01.18"]

1. d4 e6 2. c4 d5 3. Nc3 Nf6 4. cxd5 exd5 5. Bg5 c6 6. e3 Be7 7. Bd3 O-O 8. Qc2
h6 9. Bh4 Nh5 10. Bxe7 Qxe7 11. Nge2 Qg5 12. Ng3 Nxg3 13. hxg3 Re8 14. b4 Be6
15. b5 cxb5 16. Nxb5 Rc8 17. Qb3 Qe7 18. Nc3 Nc6 19. Ne2 Qb4+ 20. Qxb4 Nxb4 21.
Nf4 Nc2+ 22. Bxc2 Rxc2 23. O-O Rac8 24. Rfb1 b6 25. a4 Rd2 26. a5 Rcc2 27. axb6
axb6 28. Rxb6 Rxf2 29. Rb8+ Kh7 30. Raa8 g5 31. Rh8+ Kg7 32. Nxe6+ fxe6 33.
Rag8+ Kf7 34. Rf8+ Kg7 35. Rxf2 Rxf2 36. Kxf2 Kxh8 37. Kf3 Kg7 38. g4 1/2-1/2

[Event "XXVI C.to Torinese Open"]
[Site "Torino ITA"]
[Date "2010.01.25"]
[Round "2"]
[White "Sorcinelli, Francesco"]
[Black "Angioni, Gian Carlo"]
[Result "1-0"]
[WhiteElo "2161"]
[BlackElo "1841"]
[PlyCount "49"]
[EventDate "2010.01.18"]

1. e4 d5 2. exd5 Qxd5 3. Nc3 Qa5 4. d4 Nf6 5. Nf3 c6 6. Bd2 Bf5 7. Ne4 Qc7 8.
Nxf6+ gxf6 9. g3 e6 10. Bg2 Nd7 11. O-O O-O-O 12. Re1 Bd6 13. c4 Rhe8 14. b4 e5
15. c5 Bf8 16. Qa4 Kb8 17. Rad1 Bg4 18. b5 cxb5 19. Qxb5 Ka8 20. Ba5 Qc6 21.
Qxc6 bxc6 22. Bxd8 Rxd8 23. dxe5 Bxc5 24. exf6 Bb4 25. Re4 1-0

[Event "XXVI C.to Torinese Open"]
[Site "Torino ITA"]
[Date "2010.02.01"]
[Round "3"]
[White "Di Chiara, Mauro"]
[Black "Sorcinelli, Francesco"]
[Result "0-1"]
[WhiteElo "1870"]
[BlackElo "2161"]
[PlyCount "52"]
[EventDate "2010.01.18"]

1. d4 d5 2. Nf3 Nf6 3. c4 c6 4. Nc3 dxc4 5. e3 b5 6. a4 b4 7. Na2 a5 8. Bxc4
Bf5 9. O-O e6 10. b3 Bd6 11. Bb2 O-O 12. Nc1 Nbd7 13. Nd3 Ne4 14. h3 Qe7 15.
Nde5 Nxe5 16. dxe5 Bc5 17. Nd4 Bxd4 18. exd4 Rfd8 19. Qe1 c5 20. Rd1 cxd4 21.
Bxd4 Nc3 22. Rd2 Nb1 23. Rd1 Na3 24. Qe3 Nc2 25. Bc5 Nxe3 26. Bxe7 Nxd1 0-1

[Event "XXVI C.to Torinese Open"]
[Site "Torino ITA"]
[Date "2010.02.08"]
[Round "4"]
[White "Sorcinelli, Francesco"]
[Black "Gambarino, Federico"]
[Result "1-0"]
[WhiteElo "2161"]
[BlackElo "1863"]
[PlyCount "41"]
[EventDate "2010.01.18"]

1. e4 c5 2. Nf3 d6 3. c3 Nf6 4. Be2 Bd7 5. d3 Nc6 6. O-O g6 7. Nbd2 Rc8 8. Re1
Bg7 9. Bf1 O-O 10. h3 e5 11. Nc4 Ne8 12. a4 Na5 13. Bg5 Qc7 14. Nxa5 Qxa5 15.
Be7 Nc7 16. Bxf8 Rxf8 17. d4 cxd4 18. b4 Qb6 19. a5 Qc6 20. cxd4 Nb5 21. Rc1
1-0

[Event "XXVI C.to Torinese Open"]
[Site "Torino ITA"]
[Date "2010.02.15"]
[Round "5"]
[White "Fassio, Luca"]
[Black "Sorcinelli, Francesco"]
[Result "0-1"]
[WhiteElo "2066"]
[BlackElo "2161"]
[PlyCount "68"]
[EventDate "2010.01.18"]

1. e4 c5 2. c3 Nf6 3. e5 Nd5 4. d4 cxd4 5. cxd4 e6 6. Nf3 d6 7. a3 Nc6 8. Bd3
g6 9. O-O Bg7 10. Re1 dxe5 11. dxe5 O-O 12. Qe2 b6 13. Bd2 Bb7 14. Nc3 Nxc3 15.
Bxc3 Rc8 16. Rad1 Qc7 17. h4 Rfd8 18. h5 Ne7 19. hxg6 hxg6 20. Bb4 Nd5 21. Bd6
Rxd6 22. exd6 Qxd6 23. Ba6 Bxa6 24. Qxa6 Rc7 25. b4 Qf4 26. Qa4 Rc3 27. Qe8+
Kh7 28. Qd8 Rxf3 29. gxf3 Bf6 30. Qd7 Qg5+ 31. Kf1 Nf4 32. Qxf7+ Bg7 33. Re2
Qh6 34. Ke1 Ng2+ 0-1

[Event "XXVI C.to Torinese Open"]
[Site "Torino ITA"]
[Date "2010.02.22"]
[Round "6"]
[White "Sorcinelli, Francesco"]
[Black "Musso, Valerio"]
[Result "1-0"]
[WhiteElo "2161"]
[BlackElo "1533"]
[PlyCount "65"]
[EventDate "2010.01.18"]

1. e4 c5 2. Nf3 e6 3. Nc3 Nc6 4. d4 cxd4 5. Nxd4 a6 6. Be3 Bb4 7. Qd2 Qa5 8.
Nb3 Qe5 9. O-O-O Nf6 10. f4 Bxc3 11. bxc3 Qxe4 12. c4 Qg6 13. Bd3 Ne4 14. Bxe4
Qxe4 15. Bc5 b6 16. Bd6 Qxc4 17. f5 f6 18. Rhf1 e5 19. g4 h6 20. h4 Bb7 21. g5
O-O-O 22. Qe3 Nb4 23. Rf2 Nxa2+ 24. Kb2 Nb4 25. Qxb6 hxg5 26. Nc5 Qa2+ 27. Kc3
Qa1+ 28. Kxb4 Rxh4+ 29. c4 a5+ 30. Kb5 Qa4+ 31. Nxa4 Bc6+ 32. Ka6 Bb7+ 33.
Qxb7# 1-0

[Event "XXVI C.to Torinese Open"]
[Site "Torino ITA"]
[Date "2010.03.08"]
[Round "8"]
[White "Melone, Antonio"]
[Black "Mantovan, Giuseppe"]
[Result "1-0"]
[WhiteElo "1973"]
[BlackElo "1878"]
[PlyCount "59"]
[EventDate "2010.01.18"]

1. d4 Nf6 2. c4 g6 3. Nc3 d5 4. h4 Bg7 5. h5 dxc4 6. h6 Bf8 7. e4 Nc6 8. d5 Ne5
9. Bf4 Nd3+ 10. Bxd3 cxd3 11. Nb5 e5 12. dxe6 Bb4+ 13. Kf1 O-O 14. Bxc7 Qe8 15.
Qxd3 fxe6 16. Nf3 Bd7 17. a4 a6 18. Nd6 Bxd6 19. Qxd6 Bc6 20. Rh4 Qd7 21. e5
Bxf3 22. gxf3 Qxd6 23. Bxd6 Nd5 24. Bxf8 Rxf8 25. Rc1 Rxf3 26. Rc8+ Kf7 27. Rh8
g5 28. Rxh7+ Kg6 29. Rg7+ Kf5 30. h7 1-0

[Event "XXVI C.to Torinese Open"]
[Site "Torino ITA"]
[Date "2010.03.08"]
[Round "8"]
[White "Sorcinelli, Francesco"]
[Black "Coqueraut, Jean Dominique"]
[Result "1-0"]
[WhiteElo "2161"]
[BlackElo "1815"]
[PlyCount "45"]
[EventDate "2010.01.18"]

1. e4 d5 2. exd5 Qxd5 3. Nc3 Qd6 4. d4 Nf6 5. Nf3 Bg4 6. h3 Bxf3 7. Qxf3 c6 8.
Be3 e6 9. O-O-O Be7 10. g4 Nbd7 11. Bf4 Qb4 12. Bc7 Nb6 13. h4 Rc8 14. Be5 O-O
15. g5 Nfd5 16. a3 Qa5 17. Ne4 Nd7 18. Bd3 Nxe5 19. dxe5 Nb6 20. Nf6+ Bxf6 21.
Bxh7+ Kxh7 22. Qh5+ Kg8 23. gxf6 1-0